Fr. Conceicao Rodrigues College of Engineering

Principles of Communication engineering 2nd (Record no. 19769)

MARC details
000 -LEADER
fixed length control field 00332nam a2200145Ia 4500
082 ## - DEWEY DECIMAL CLASSIFICATION NUMBER
Classification number 621.3981
Item number GOY
100 ## - MAIN ENTRY--PERSONAL NAME
Personal name Goyal/ S.C.
250 ## - EDITION STATEMENT
Edition statement 2
245 ## - TITLE STATEMENT
Title Principles of Communication engineering 2nd
260 ## - PUBLICATION, DISTRIBUTION, ETC.
Name of publisher, distributor, etc. Tech. Publications
Place of publication, distribution, etc. Pune
Date of publication, distribution, etc. 1996
300 ## - PHYSICAL DESCRIPTION
Extent 248
546 ## - LANGUAGE NOTE
Language note ENGLISH
654 ## - SUBJECT ADDED ENTRY--FACETED TOPICAL TERMS
Focus term communication
942 ## - ADDED ENTRY ELEMENTS (KOHA)
Koha item type BOOK
Holdings
Withdrawn status Lost status Damaged status Not for loan Collection Home library Current library Shelving location Date acquired Total Checkouts Full call number Barcode Date last seen Price effective from Koha item type
        CRC Fr. Agnel's C.Rodrigues College of Engineering Fr. Agnel's C.Rodrigues College of Engineering   17/03/2023   621.3981 GOY 9237 17/03/2023 17/03/2023 BOOK